Potravinový problém diplomová práca

Guardado en:
Detalles Bibliográficos
Autor principal: Kšenžighová, Zuzana
Autor Corporativo: Obchodná fakulta EU. Katedra medzinárodného obchodu
Otros Autores: Gavaľová, Viera
Formato: Libro
Lenguaje:eslovaco
Publicado: Bratislava 2012
Etiquetas: Agregar Etiqueta
Sin Etiquetas, Sea el primero en etiquetar este registro!

MARC

LEADER 00000nbm a2200000 4500
001 0157957
005 20170524080608.5
041 0 |a slo 
044 |a SK 
245 1 0 |a Potravinový problém  |b diplomová práca  |c Zuzana Kšenžighová ; školiteľ: Viera Gavaľová 
264 1 |a Bratislava  |c 2012 
300 |a 96 s. 
100 1 |a Kšenžighová, Zuzana 
700 1 |a Gavaľová, Viera 
710 2 |a Obchodná fakulta EU. Katedra medzinárodného obchodu